Catálogo
 En Linea

Escenas matritenses. (Registro nro. 43166)

Detalles MARC
000 -CABECERA
campo de control de longitud fija 00301nam a2200109 a 4500
005 - FECHA Y HORA DE LA ÚLTIMA TRANSACCIÓN
campo de control 20201002044919.0
008 - DATOS DE LONGITUD FIJA--INFORMACIÓN GENERAL
campo de control de longitud fija 140402s1971 000 spa d
040 ## - FUENTE DE LA CATALOGACIÓN
Centro catalogador/agencia de origen DO-SdBNP
100 ## - ENTRADA PRINCIPAL--NOMBRE DE PERSONA
Nombre de persona Mesonero Romanos, Ramón, de
9 (RLIN) 71502
245 #0 - MENCIÓN DE TÍTULO
Título Escenas matritenses.
260 ## - PUBLICACIÓN, DISTRIBUCIÓN, ETC.
Lugar de publicación, distribución, etc. Madrid -- LLibra,
Fecha de publicación, distribución, etc. 1971 -- 192 p.

No hay ítems disponibles.

Con tecnología Koha